000
00384nam a22001337a 4500
003
SGT
020
_a
9788193442609
082
_a
891.4309
_b
M20R
100
_a
शंका, बींजराज
245
_a
माँ मेरी माँ
260
_b
एंडरसन प्रिंटिंग हाउस प्रा. लि.
_c
2020
300
_a
536
942
_2
ddc
_c
BK
999
_c
31287
_d
31287